|
|
|
|
| LEADER |
00000nam0a2200000 4500 |
| 001 |
17133 |
| 005 |
20231030190734.0 |
| 010 |
|
|
|a 5862181377
|
| 035 |
|
|
|a (RuTPU)RU\TPU\book\17264
|
| 035 |
|
|
|a BOOK00000187
|
| 090 |
|
|
|a 17133
|
| 100 |
|
|
|a 20011209d1994 k y0rusy50 ca
|
| 101 |
0 |
|
|a rus
|
| 102 |
|
|
|a RU
|
| 105 |
|
|
|a y z 100zy
|
| 200 |
1 |
|
|a Исторический образ Америки
|e Материалы международной научной конф., посвященной 20-летию программы Фонда Фулбрайта, сост. в г. Москва, 31 января-3 февраля 1994 г.
|
| 210 |
|
|
|a Москва
|c Ладомир
|d 1994
|
| 215 |
|
|
|a 376 с.
|
| 610 |
1 |
|
|a история
|
| 610 |
1 |
|
|a Америка
|
| 610 |
1 |
|
|a США
|
| 610 |
1 |
|
|a гражданская война
|
| 610 |
1 |
|
|a Реконструкция
|
| 610 |
1 |
|
|a политическая история
|
| 686 |
|
|
|a Т3(7США)
|v LBC/SL-A
|2 rubbk
|
| 801 |
|
0 |
|a RU
|b 63413507
|c 20011209
|g PSBO
|
| 801 |
|
2 |
|a RU
|b 63413507
|c 20170906
|g PSBO
|
| 942 |
|
|
|c BK
|